=LDR 00000nam 2200000 4500 =001 INLIS000000000003758 =005 20130612092047 =008 ***********************************Ind** =035 ##$$0010-061300000003758 =041 ##$$a Ind =082 ##$$a 604.6 =090 ##$$a 604.6, Had p =100 ##$$a Hadiwiyoto, Suwedo =245 ##$$a Penanganan dan pemanfaatan sampah, Soewedo Hadiwiyoto =260 ##$$a 1983 $b Jakarta =300 ##$$a 83 hlm., ilus., 21 cm =650 ##$$a Sampah dan pemanfaatan =850 ##$$a NBPNMAT